|
|
|
|
| LEADER |
00000cam a2200000 7i4500 |
| 001 |
0000009231 |
| 005 |
20161123.0 |
| 020 |
|
|
|a 0421202203
|
| 040 |
|
|
|a INS
|
| 090 |
0 |
0 |
|a KD5359
|b P5 1974
|
| 100 |
0 |
|
|a Pinson, Barry
|
| 245 |
1 |
0 |
|a Revenue law :
|b comprising Income tax, Capital gains Tax, corporation Tax, estate Duty, Stamp Duties, Tax and Estate planning and including a section on value added tax
|c Barry Pinson,John Gardiner
|
| 250 |
|
|
|a 8th ed.
|
| 260 |
|
|
|a London :
|b Sweet and Maxwell ,
|c 1974
|
| 300 |
|
|
|a v p. ;
|c 24cm.
|
| 650 |
0 |
0 |
|a Revenue
|x Law and legislation
|
| 650 |
0 |
0 |
|a Taxation
|x Law and legislation
|
| 700 |
1 |
|
|a Gardiner, John
|
| 999 |
|
|
|a 0000022866
|b BOOK
|c Open Shelf
|e Default branch
|